Подробности
| 000 -МАРКЕР |
| контрольное поле |
02323nam0a22003371 4500 |
| 001 - ИДЕНТИФИКАТОР ЗАПИСИ |
| контрольное поле |
v19\rc\1559625 |
| 005 - ИДЕНТИФИКАТОР ВЕРСИИ |
| контрольное поле |
20060620140307.6 |
| 035 ## - ДРУГИЕ СИСТЕМНЫЕ НОМЕРА |
| Идентификатор записи |
(NLR Aleph) 004672749 |
| 100 ## - ДАННЫЕ ОБЩЕЙ ОБРАБОТКИ |
| Данные общей обработки |
20060620e18911891|||y0rusy50 ca |
| 101 0# - ЯЗЫК РЕСУРСА |
| Язык текста, звукозаписи и т.д. |
русский |
| 102 ## - СТРАНА ПУБЛИКАЦИИ ИЛИ ПРОИЗВОДСТВА |
| Страна публикации |
Российская Федерация |
| 105 ## - ПОЛЕ КОДИРОВАННЫХ ДАННЫХ: ТЕКСТОВЫЕ МАТЕРИАЛЫ, МОНОГРАФИЧЕСКИЕ |
| Кодированные данные о монографическом текстовом документе |
y z ||||| |
| 200 1# - ЗАГЛАВИЕ И СВЕДЕНИЯ ОБ ОТВЕТСТВЕННОСТИ |
| Основное заглавие |
Сочинения профессора П.В. Владимирова: А. Житие св. Алексея, человека божия. (Отт. из Журн. Мин. нар. пр. за 1887 г., с. 18). Б. Доктор Франциск Скорина, его переводы, печатные издания и язык. Спб., 1888 г., с. XXVI+351 |
| Сведения, относящиеся к заглавию |
Рец. проф. А. Будиловича |
| 210 ## - ПУБЛИКАЦИЯ, РАСПРОСТРАНЕНИЕ И ДР. |
| Место издания, распространения и т.д. |
[Санкт-Петербург] |
| Имя издателя, распространителя и т. д. |
тип. Имп. Акад. наук |
| Дата издания, распространения и т.д. |
1891 |
| 215 ## - ФИЗИЧЕСКАЯ ХАРАКТЕРИСТИКА |
| Специфическое обозначение материала и объем |
18 с. |
| Размеры |
23 |
| 309 ## - ПРИМЕЧАНИЯ ОБ ОСНОВНОМ ИСТОЧНИКЕ ИНФОРМАЦИИ И ОБ ОСОБЕННОСТЯХ ПОЛИГРАФИЧЕСКОГО ОФОРМЛЕНИЯ ИЗДАНИЯ |
| Текст примечания |
Без тит. л. и обл. |
| 311 ## - ПРИМЕЧАНИЯ, ОТНОСЯЩИЕСЯ К ПОЛЯМ СВЯЗИ (ПРИМЕЧАНИЯ О СВЯЗИ С ДРУГИМИ ПРОИЗВЕДЕНИЯМИ (ИЗДАНИЯМИ)) |
| Текст примечания |
Отт. из "Отчет о 32 присуждении наград гр. Уварова" |
| 470 #0 - РЕЦЕНЗИРУЕМЫЙ, РЕФЕРИРУЕМЫЙ ДОКУМЕНТ |
| Встроенное поле |
2001#$aЖитие святого Алексея, человека божия$e(Отт. из Журн. Мин. нар. пр. за 1887 г., с. 18) |
| -- |
700#1$aВладимиров$bП.В.$f1854-1902$gПетр Владимирович |
| 470 #0 - РЕЦЕНЗИРУЕМЫЙ, РЕФЕРИРУЕМЫЙ ДОКУМЕНТ |
| Встроенное поле |
2001#$aДоктор Франциск Скорина, его переводы, печатные издания и язык. |
| -- |
210##$aСанкт-Петербург$d1888 |
| -- |
215##$aС. XXVI, 351 |
| -- |
700#1$aВладимиров$bП.В.$f1854-1902$gПетр Владимирович |
| 488 #0 - ДРУГИЕ ВЗАИМОСВЯЗАННЫЕ ПРОИЗВЕДЕНИЯ (ДОКУМЕНТЫ) |
| Встроенное поле |
2001#$aОтчет о 32 присуждении наград гр. Уварова |
| 532 10 - РАСШИРЕННОЕ ЗАГЛАВИЕ |
| Заглавие |
Сочинения профессора Петра Владимировича Владимирова: А. Житие св. Алексея, человека божия. (Отт. из Журн. Мин. нар. пр. за 1887 г., с. 18). Б. Доктор Франциск Скорина, его переводы, печатные издания и язык. Спб., 1888 г., с. XXVI+351 |
| 700 #1 - ИМЯ ЛИЦА - ПЕРВИЧНАЯ ОТВЕТСТВЕННОСТЬ |
| Начальный элемент ввода |
Будилович |
| Часть имени, кроме начального элемента ввода |
А. С. |
| Даты |
1846-1908 |
| Расширение инициалов личного имени |
Антон Семенович |
| 801 #0 - ИСТОЧНИК ЗАПИСИ |
| Страна |
Российская Федерация |
| Организация |
NLR |
| Правила каталогизации |
psbo |
| 801 #0 - ИСТОЧНИК ЗАПИСИ |
| Страна |
Российская Федерация |
| Организация |
RuMoRGB |
| Источник данных |
psbo |
| 801 #1 - ИСТОЧНИК ЗАПИСИ |
| Страна |
Российская Федерация |
| Организация |
ProSoft-M |
| Источник данных |
rusmarc |
| 852 ## - МЕСТОНАХОЖДЕНИЕ И ШИФР ХРАНЕНИЯ |
| Идентификатор организации |
NLR |
| Шифр хранения (Call Number) |
18.295.4.385 |
| 899 ## - ДАННЫЕ О МЕСТОНАХОЖДЕНИИ (устаревшее) |
| Местонахождение |
RuMoRGB |
| Шифр хранения |
A 186/627 |
| 899 ## - ДАННЫЕ О МЕСТОНАХОЖДЕНИИ (устаревшее) |
| Местонахождение |
БАН |
| 942 ## - ДОПОЛНИТЕЛЬНЫЕ ЭЛЕМЕНТЫ ЗАПИСИ (АБИС) |
| Тип экземпляра АБИС |
Книга |
| 980 ## - КОЛЛЕКЦИЯ |
| Название коллекции |
Национальная библиография |